[Event "COL-ch sf3 U18"]
[White "Carvajal Pena, Dilan Ricardo"]
[Black "Padilla Ordonez, Daniel Eduardo"]
[Site "Bogota"]
[Round "3.12"]
[Result "0-1"]
[Date "2019.06.07"]
[WhiteElo "1505"]
[BlackElo "1858"]
[PlyCount "100"]
[EventDate "2019.06.06"]
[EventType "swiss"]
[EventRounds "6"]
[EventCountry "COL"]
[SourceTitle "EXT 2024"]
[Source "ChessBase"]
[SourceDate "2023.10.10"]
[SourceVersion "1"]
[SourceVersionDate "2023.10.10"]
[SourceQuality "1"]

1. e4 e6 2. d4 d5 3. Nc3 Nf6 4. e5 Nfd7 5. f4 c5 6. Nf3 Nc6 7. Be2 Qb6 8. Nb5 a6 9. dxc5 Bxc5 10. Nd6+ Bxd6 11. exd6 Qb4+ 12. Qd2 Qxd6 13. 0-0 0-0 14. Qc3 Qc5+ 15. Qxc5 Nxc5 16. Be3 b6 17. a3 Rb8 18. b4 Ne4 19. Bd3 Nf6 20. Nd4 Nxd4 21. Bxd4 Ne4 22. Rae1 f5 23. g4 b5 24. Re2 Bb7 25. Rg2 Rf7 26. g5 Rd7 27. h4 Re8 28. h5 Nd6 29. Re2 Bc6 30. Rfe1 Ne4 31. Rg2 Rc8 32. Kh2 Rdd8 33. Rge2 Bd7 34. Rg1 Be8 35. h6 g6 36. Rge1 Kf7 37. Kg2 Bd7 38. Rg1 Rc6 39. Kf1 Rdc8 40. Ke1 Rc3 41. Bxe4 fxe4 42. Bxc3 Rxc3 43. Kd2 Rxa3 44. Re3 Ra4 45. Rb1 Bc6 46. Reb3 Ke7 47. Ke3 Kd6 48. Kd4 a5 49. R1b2 axb4 50. Rxb4 Ra7 0-1

[Event "COL-ch sf3 U18"]
[White "Sanchez Arevalo, David Fernando"]
[Black "Carvajal Pena, Dilan Ricardo"]
[Site "Bogota"]
[Round "2.14"]
[Result "1-0"]
[Date "2019.06.07"]
[WhiteElo "1504"]
[BlackElo "1505"]
[PlyCount "47"]
[EventDate "2019.06.06"]
[EventType "swiss"]
[EventRounds "6"]
[EventCountry "COL"]
[SourceTitle "EXT 2024"]
[Source "ChessBase"]
[SourceDate "2023.10.10"]
[SourceVersion "1"]
[SourceVersionDate "2023.10.10"]
[SourceQuality "1"]

1. e4 c5 2. Nf3 d6 3. d4 cxd4 4. Nxd4 Nf6 5. Nc3 a6 6. Bg5 e6 7. f4 h6 8. Bxf6 Qxf6 9. g3 Nd7 10. Bg2 Be7 11. 0-0 0-0 12. Qd2 Nb6 13. Qd3 Nd7 14. Nb3 Rd8 15. Rae1 Rb8 16. Qe2 b5 17. e5 dxe5 18. fxe5 Qg5 19. Na5 Rb6 20. Nc6 Bc5+ 21. Kh1 Re8 22. Ne4 Qg6 23. Nd6 Bxd6 24. exd6 1-0

[Event "COL-ch U17"]
[White "Gonzalez, Juan David"]
[Black "Carvajal Pena, Dilan Ricardo"]
[Site "Pereira"]
[Round "6.5"]
[Result "0-1"]
[Date "2017.12.02"]
[WhiteElo "1597"]
[BlackElo "1400"]
[PlyCount "120"]
[EventDate "2017.11.30"]
[EventType "swiss"]
[EventRounds "6"]
[EventCountry "COL"]
[SourceTitle "EXT 2024"]
[Source "ChessBase"]
[SourceDate "2023.10.10"]
[SourceVersion "1"]
[SourceVersionDate "2023.10.10"]
[SourceQuality "1"]

1. d4 d5 2. Nf3 Nf6 3. Bf4 e6 4. e3 Nbd7 5. Nbd2 b6 6. c3 Bb7 7. Bd3 c5 8. Ne5 Be7 9. Bb5 a6 10. Bc6 Qc8 11. Bxd7+ Nxd7 12. Qh5 g6 13. Qh6 Bf8 14. Qg5 Bg7 15. Qg3 0-0 16. h4 f6 17. Nxg6 hxg6 18. Qxg6 Qe8 19. Qg3 Qh5 20. Nf3 e5 21. dxe5 fxe5 22. Bg5 d4 23. 0-0-0 Bxf3 24. gxf3 Rxf3 25. Qg2 Raf8 26. Rdf1 dxc3 27. bxc3 Qf7 28. Bh6 Kh7 29. Bxg7 Qxg7 30. Qxg7+ Kxg7 31. Rhg1+ Kh6 32. Rg2 Rxe3 33. fxe3 Rxf1+ 34. Kd2 Rf7 35. Kd3 Nf6 36. Rg5 e4+ 37. Kc4 Rc7 38. a4 Rc6 39. Rf5 Rd6 40. a5 Ng4 41. Rf4 Nxe3+ 42. Kb3 bxa5 43. Rxe4 Nf1 44. Kc4 Nd2+ 45. Kxc5 Nxe4+ 46. Kc4 Kh5 47. Kb3 Kxh4 48. c4 Rc6 49. Ka4 Rxc4+ 50. Kxa5 Rc6 51. Kb4 Kg5 52. Ka4 Kf6 53. Kb4 Ke5 54. Kb3 Kd4 55. Kb4 Rb6+ 56. Ka4 Kc4 57. Ka5 Rd6 58. Ka4 a5 59. Ka3 Rd2 60. Ka4 Ra2# 0-1

[Event "Zipaquira sf3 U16"]
[White "Hurtado Mosquera, Orestes Andre"]
[Black "Carvajal Pena, Dilan Ricardo"]
[Site "Zipaquira"]
[Round "6.6"]
[Result "1-0"]
[Date "2017.04.02"]
[WhiteElo "1778"]
[BlackElo "1421"]
[PlyCount "31"]
[EventDate "2017.03.30"]
[EventType "swiss"]
[EventRounds "6"]
[EventCountry "COL"]
[SourceTitle "EXT 2024"]
[Source "ChessBase"]
[SourceDate "2023.10.10"]
[SourceVersion "1"]
[SourceVersionDate "2023.10.10"]
[SourceQuality "1"]

1. e4 c5 2. Nf3 d6 3. d4 cxd4 4. Nxd4 Nf6 5. Nc3 a6 6. Bg5 e6 7. f4 Qb6 8. Qd2 Be7 9. 0-0-0 Qc7 10. Be2 Nbd7 11. g4 h6 12. Bxf6 gxf6 13. h4 b5 14. Bf3 Bb7 15. Rhe1 Rc8 16. a3 1-0

[Event "Malambo Semifinal 1 Cat U16"]
[White "Ruiz Agudelo, Santiago"]
[Black "Carvajal Pena, Dilan Ricardo"]
[Site "Malambo"]
[Round "6.4"]
[Result "1-0"]
[Date "2017.03.05"]
[WhiteElo "1913"]
[BlackElo "1421"]
[PlyCount "85"]
[EventDate "2017.03.02"]
[EventType "swiss"]
[EventRounds "6"]
[EventCountry "COL"]
[SourceTitle "EXT 2024"]
[Source "ChessBase"]
[SourceDate "2023.10.10"]
[SourceVersion "1"]
[SourceVersionDate "2023.10.10"]
[SourceQuality "1"]

1. e4 c5 2. Nf3 d6 3. d4 cxd4 4. Nxd4 Nf6 5. Nc3 a6 6. Be2 e5 7. Nb3 Be6 8. f4 Nc6 9. f5 Bd7 10. Bg5 h6 11. Bxf6 Qxf6 12. 0-0 Rc8 13. a4 h5 14. Kh1 Rh6 15. Qd2 h4 16. Nd5 Qd8 17. a5 Ne7 18. Ne3 Bc6 19. Bf3 Rc7 20. c4 h3 21. g3 Rd7 22. Nd5 Nxd5 23. exd5 Rc7 24. dxc6 bxc6 25. Rad1 Qb8 26. Qe3 Rf6 27. Qb6 Qc8 28. Rfe1 Be7 29. g4 g6 30. Be4 gxf5 31. Bxf5 Rxf5 32. gxf5 Qxf5 33. Qe3 Rb7 34. Rd3 Bh4 35. Red1 Rxb3 36. Rxb3 Qg4 37. Qf3 Qxc4 38. Rc3 Qa4 39. Qxc6+ Qxc6+ 40. Rxc6 Be7 41. Rxa6 Kd8 42. Rb6 Kc7 43. Rb3 1-0